David Walliams Books - Statistics

General Stats
  • This quiz has been taken 62 times
  • The average score is 9 of 18
Answer Stats
Year Book % Correct
2011 Gangsta Granny
76%
2008 The Boy in The Dress
73%
2012 Ratburger
69%
2013 Demon Dentist
63%
2014 Awful Auntie
61%
2017 Bad Dad
57%
2009 Mr Stink
57%
2016 The Midnight Gang
57%
2010 Billionaire Boy
53%
2015 Grandpas Great Escape
51%
2019 The Beast of Buckingham Palace
43%
2019 Fing
37%
2018 The Ice Monster
37%
2020 Slime
33%
2020 Code Name Bananas
31%
2021 Gangsta Granny Strikes Again
27%
2017 Blob
16%
2021 Mega Monster
14%
No matching quizzes found
Score Distribution
Percent of People with Each Score
Percentile by Number Answered
Your Score History
You have not taken this quiz